Rasa-Jala Nidhi Ocean of Indian Chemistry and Alchemy : (Record no. 597277)

MARC details
000 -LEADER
fixed length control field 00485nam a2200181 a 4500
008 - FIXED-LENGTH DATA ELEMENTS--GENERAL INFORMATION
fixed length control field 251112s1926##################000#0#eng##
020 ## - INTERNATIONAL STANDARD BOOK NUMBER
ISBN 9788130702827
082 04 - DEWEY DECIMAL CLASSIFICATION NUMBER
Classification number 615.26630954
Item number MOO
100 1# - MAIN ENTRY--AUTHOR NAME
Personal name Mookerji, Bhudeb,
245 10 - TITLE STATEMENT
Title Rasa-Jala Nidhi Ocean of Indian Chemistry and Alchemy :
260 ## - PUBLICATION, DISTRIBUTION, ETC. (IMPRINT)
Year of publication 1926.
650 #0 - SUBJECT ADDED ENTRY--TOPICAL TERM
Topical Term Alchemy.
942 ## - ADDED ENTRY ELEMENTS (KOHA)
Koha item type English Books
Holdings
Withdrawn status Lost status Damaged status Not for loan Home library Current library Shelving location Date acquired Full call number Accession Number Price effective from Koha item type
        Anna Centenary Library Anna Centenary Library 5TH FLOOR, B WING 12.11.2025 615.26630954 MOO 394683 12.11.2025 English Books
        Anna Centenary Library Anna Centenary Library 5TH FLOOR, B WING 12.11.2025 615.26630954 MOO 394681 12.11.2025 English Books
        Anna Centenary Library Anna Centenary Library 5TH FLOOR, B WING 12.11.2025 615.26630954 MOO 394682 12.11.2025 English Books

Find us on the map